000 00369nam a2200169Ia 4500
100 _aShah/Sharanam/ Shah/Vaishali
650 _aOracle
942 _cBK
366 _f25
654 _aoracle
245 _aOracle for professionals
260 _bShroff Publishers
_c2008
082 _a5.133
_bSHA
300 _a1343
546 _aENGLISH
_celectronics
999 _c29072
_d29072